| 000 | 00558nam a2200205Ia 4500 | ||
|---|---|---|---|
| 003 | OSt | ||
| 005 | 20250205145037.0 | ||
| 008 | 210210b1961 xxu||||| |||| 00| 0 eng d | ||
| 040 | _cAL | ||
| 041 | _aKannada | ||
| 082 | _a859/1201 | ||
| 100 |
_aBICHI BALLARI _9131456 _dಬೀಚಿ. |
||
| 245 |
_aSarasvatI samhara _bಸರಸ್ವತಿ ಸಂಹಾರ |
||
| 260 |
_aBengaluru _bSharada Prakatanalalya _c1961 |
||
| 650 |
_aSarasvatI _9131457 |
||
| 650 |
_asamhAra _9131458 |
||
| 690 |
_aKannada Fiction _9131459 |
||
| 906 | _a021944 | ||
| 942 |
_2ddc _cBK |
||
| 999 |
_c146050 _d146050 |
||